000 01119nam0a22002891 4500
001 rc\3189780
005 20120628150540.7
021 _aRU
_b[75-58172]
035 _a(NLR Aleph) 007350788
090 _a6206702
_c6206702
100 _a20120628d1975 |||y0rusy50 ca
101 0 _arus
102 _aRU
105 _aa z |||||
200 1 _aАтлас исследования детей в условиях пневмоперитонеума
210 _aКишинев
_cШтиинца
_d1975
215 _a135 с.
_cил.
_d22
320 _aСписок лит.: с. 122-134
606 _aБрюшная полость
_xБолезни у детей
_xДиагностика рентгенологическая
_2psbo
606 _aПневмоперитонеум у детей
_xДиагностическое применение
_2psbo
700 1 _aГеоргиу
_bН. К.
_gНаталья Константиновна
701 1 _aШавга
_bН. Г.
_gНиколай Георгиевич
801 0 _aRU
_bNLR
_gpsbo
801 1 _aRU
_bELAR
_2rusmarc
852 _aNLR
_j75-5/2706
942 _cBOOK
980 _aNB